Ideate with june a valladares (Record no. 86962)
[ view plain ]
| 000 -LEADER | |
|---|---|
| fixed length control field | 00508nam a2200193Ia 4500 |
| 005 - DATE AND TIME OF LATEST TRANSACTION | |
| control field | 20251118112439.0 |
| 008 - FIXED-LENGTH DATA ELEMENTS--GENERAL INFORMATION | |
| fixed length control field | 230125s9999 xx 000 0 und d |
| 041 ## - LANGUAGE CODE | |
| Language code of text/sound track or separate title | eng |
| 082 ## - DEWEY DECIMAL CLASSIFICATION NUMBER | |
| Classification number | 158.1 |
| Item number | PUR/RAW |
| 100 ## - MAIN ENTRY--PERSONAL NAME | |
| Author | Purohit A |
| 245 ## - TITLE STATEMENT | |
| Title | Ideate with june a valladares |
| 260 ## - PUBLICATION, DISTRIBUTION, ETC. | |
| Date of publication, distribution, etc. | 2005 |
| Name of publisher, distributor, etc. | Response Books |
| Place of publication, distribution, etc. | New Delhi |
| 300 ## - PHYSICAL DESCRIPTION | |
| Extent | 298p |
| 500 ## - GENERAL NOTE | |
| Keywords | Personality Development, |
| 650 ## - SUBJECT ADDED ENTRY--TOPICAL TERM | |
| Topical term or geographic name entry element | Personality Development |
| 700 ## - ADDED ENTRY--PERSONAL NAME | |
| Personal name | Purohit A & Rawat S |
| 942 ## - ADDED ENTRY ELEMENTS (KOHA) | |
| Koha item type | Books |
| 906 ## - LOCAL DATA ELEMENT F, LDF (RLIN) | |
| b | 52 |
| Withdrawn status | Lost status | Damaged status | Not for loan | Home library | Current library | Date acquired | Vendor | Net Price | Bill number | Total Checkouts | Full call number | Barcode | Date last seen | Actual Price | Bill Date | Koha item type | Original Barcode |
|---|---|---|---|---|---|---|---|---|---|---|---|---|---|---|---|---|---|
| Smt. Hiraben Nanavati Institute of Management & Research for Women | Smt. Hiraben Nanavati Institute of Management & Research for Women | 31/03/2006 | Popular Book House | 350.00 | 621 | 158.1 PUR/RAW B05176 | HIMR-BK-5176 | 25/01/2023 | 298.00 | 31/03/2006 | Books | B05176 |